World War 2 flying aces top 10 by nation - Statistics

General Stats
  • This quiz has been taken 40 times
  • The average score is 8 of 10
Answer Stats
Rank Aerial Victories Nation % Correct
1. 352 Germany (Erich Hartmann)
100%
2. 301 Germany (Gerhard Barkhorn)
79%
10. 208 Germany (Heinrich Ehrler (KIA))
76%
8. 220 Germany (Heinz Bär)
76%
6. 237 Germany (Wihlem Batz)
76%
7. 222 Germany (Erich Rudorffer)
73%
3. 275 Germany (Günther Rall)
73%
9. 212 Germany (Hermann Graf)
73%
4. 267 Germany (Otto Kittel (KIA))
73%
5. 258 Germany (Walter "Nowi" Nowotny (KIA))
73%
No matching quizzes found
Score Distribution
Percent of People with Each Score
Percentile by Number Answered
Your Score History
You have not taken this quiz